| 000 | 00685nam a22002177a 4500 | ||
|---|---|---|---|
| 999 |
_c7217 _d7217 |
||
| 003 | AR-CdUCM | ||
| 008 | 190320b ||||| |||| 00| 0 spa d | ||
| 040 |
_aMUNICIPALIDAD PROVINCIAL DEL CUSCO _cBIBLIOTECA MUNICIPAL DEL CUSCO |
||
| 082 |
_22ed. _a511 / _bM87 |
||
| 100 |
_aMosqueira R., Salvador _920344 |
||
| 245 | _aAlgebra, Geometria y Trigonometria / | ||
| 260 |
_aMexico : _bPatria, _c1971. |
||
| 300 |
_a268 paginas ; _bGraficos, Dibujos, cuadros, _c23 cm. |
||
| 500 | _aAlgebra geometria y trigonometria | ||
| 650 |
_aAlgebra _920185 |
||
| 650 |
_aGeometria _918764 |
||
| 650 |
_aTrigonometria _920345 |
||
| 650 |
_aMatematicas _99398 |
||
| 942 |
_2ddc _cLIBROS |
||
| 945 | _apjha | ||